| 000 | 01054nam a2200193 4500 | ||
|---|---|---|---|
| 003 | CO-ViMGA | ||
| 020 | _a9789585491274 | ||
| 040 |
_aCO-ViMGA _bspa _cCO-ViMGA |
||
| 082 | 0 | 4 |
_a808.883 _bH557a |
| 100 | 1 |
_aHernández Riquelme, Ignacia Antonia _d2001- _91211 |
|
| 245 | 1 | 0 |
_aAtrévete a soñar / _cIgnacia Antonia ; ilustrado por Crossa Grossa |
| 260 |
_aBogota : _bMontena, _c2019 |
||
| 300 |
_a140 p. : _bil. ; color |
||
| 520 | _aCuando empecé este diario tenía clara una cosa: iba a contarlo todo. Mis momentos divertidos, pero también los tristes. Lo bueno y lo malo que me pasara. ¡Y así lo hice! Nunca imaginé la cantidad de sorpresas que me tenía preparada la vida. Ahora, después de varias páginas manchadas con lágrimas y con sonrisas, solo puedo estar segura de que ningún sueño es demasiado grande si se lo desea con ganas. Gracias por acompañarme en este camino...tomado de la contraportada del libro | ||
| 650 | 1 | 4 |
_aAutobiografia _91213 |
| 650 | 1 | 4 |
_aDiarios íntimos _91212 |
| 700 | 1 |
_aGrossa, Crossa _91214 |
|
| 942 |
_2ddc _cBK |
||
| 999 |
_c37384 _d37384 |
||